ছায়াকরী / (Record no. 220)
[ view plain ]
| 000 -LEADER | |
|---|---|
| fixed length control field | 00620nam a2200217 a 4500 |
| 001 - CONTROL NUMBER | |
| JCCL Control Number | 220 |
| 003 - CONTROL NUMBER IDENTIFIER | |
| JCCL marc code | BD-JhCC |
| 005 - DATE AND TIME OF LATEST TRANSACTION | |
| control field | 20171002171530.0 |
| 008 - FIXED-LENGTH DATA ELEMENTS--GENERAL INFORMATION | |
| fixed length control field | 171002s2003 bg ||||| |||| 00| 0 ben d |
| 020 ## - INTERNATIONAL STANDARD BOOK NUMBER | |
| International Standard Book Number | 9844017378 |
| 035 ## - SYSTEM CONTROL NUMBER | |
| system control number | (BD-JhCC)220 |
| 040 ## - CATALOGING SOURCE | |
| Original cataloging agency | BD-JhCC |
| Modifying agency | BD-JhCC |
| 041 ## - LANGUAGE CODE | |
| Language code of Book | ben |
| 082 ## - DEWEY DECIMAL CLASSIFICATION NUMBER | |
| DDC Edition number | 23 |
| Classification number | 891.443 |
| Author mark and Year | AYA 2003 |
| 100 ## - MAIN ENTRY--PERSONAL NAME | |
| Personal name | পাটওয়ারী, আলী, আয়াত , |
| 245 ## - TITLE STATEMENT | |
| Title | ছায়াকরী / |
| Statement of responsibility, etc | আয়াত আলী পাটওয়ারী , |
| 300 ## - PHYSICAL DESCRIPTION | |
| Pagination | 102p. ; |
| Dimensions | 21cm. |
| 651 ## - SUBJECT ADDED ENTRY--GEOGRAPHIC NAME | |
| Geographic name | Bangladesh |
| General subdivision | Short Stories ,Bengali |
| 942 ## - ADDED ENTRY ELEMENTS (KOHA) | |
| Source of classification or shelving scheme | Dewey Decimal Classification |
| Koha item type | Books |
| Source of classification or shelving scheme | Damaged status | Not for loan | Home library | Current library | Shelving location | Date of accession | Cost, normal purchase price | Total Checkouts | Full call number | Barcode | Date last seen | Date checked out | Copy number | Koha item type |
|---|---|---|---|---|---|---|---|---|---|---|---|---|---|---|
| Dewey Decimal Classification | JCC Rouf Library | JCC Rouf Library | General Stacks | 10/02/2017 | 100.00 | 2 | 891.443 AYA 2003 | 1242 | 03/10/2024 | 03/03/2024 | C-1 | Books |